[Event "Chigorin Memorial 30th"]
[Site "St Petersburg"]
[Date "2023.10.29"]
[Round "9"]
[White "Vinogradov, Artem Pav"]
[Black "Iudina, Veronika"]
[Result "0-1"]
[WhiteElo "1409"]
[BlackElo "1720"]
[PlyCount "120"]
[EventDate "2023.10.21"]
[EventType "swiss"]
[EventRounds "9"]
[EventCountry "RUS"]
[SourceTitle "Mega2024 Update 01"]
[Source "Chessbase"]
[SourceDate "2023.11.12"]
[SourceVersion "1"]
[SourceVersionDate "2023.11.12"]
[SourceQuality "1"]

1. e4 e5 2. Nf3 Nc6 3. d4 exd4 4. Nxd4 Nf6 5. Nxc6 bxc6 6. e5 Qe7 7. Qe2 Nd5 8. h4 h6 9. g3 Bb7 10. Bg2 0-0-0 11. 0-0 f6 12. c4 Nb6 13. a4 Qxe5 14. Be3 a5 15. Qc2 Bc5 16. Bxc5 Qxc5 17. Nd2 Ba6 18. Rfc1 Rhe8 19. Bf1 Bb7 20. Qc3 d6 21. Nb3 Qb4 22. Nxa5 Qxc3 23. Rxc3 c5 24. Bh3+ Kb8 25. Rb3 Ba8 26. Bg2 Bxg2 27. Kxg2 Rd7 28. Rb5 Ka8 29. b4 cxb4 30. Rxb4 Re4 31. Rab1 f5 32. h5 Ka7 33. Rb5 Re2 34. Nc6+ Kb7 35. Nd4 Re4 36. Nxf5 Kc6 37. Rd1 Rf7 38. Nd4+ Kd7 39. c5 Nxa4 40. cxd6 Nc3 41. dxc7 Nxd1 42. Rc5 Rxf2+ 43. Kh3 Re8 44. Nb5 Ne3 45. Na7 Rf5 46. Rxf5 Nxf5 47. c8Q+ Rxc8 48. Nxc8 Kxc8 49. Kg4 Nd6 50. Kf4 Kd7 51. Ke5 Ke7 52. g4 Nf7+ 53. Kf5 Ng5 54. Kg6 Kf8 55. Kf5 Kf7 56. Ke5 Nf3+ 57. Kf4 Nh4 58. Ke5 Ke7 59. Kf4 Kf6 60. Kg3 Kg5 0-1

[Event "Chigorin Memorial 30th"]
[Site "St Petersburg"]
[Date "2023.10.28"]
[Round "8"]
[White "Iudina, Veronika"]
[Black "Borsch, Alexander"]
[Result "0-1"]
[WhiteElo "1720"]
[BlackElo "1501"]
[PlyCount "136"]
[EventDate "2023.10.21"]
[EventType "swiss"]
[EventRounds "9"]
[EventCountry "RUS"]
[SourceTitle "Mega2024 Update 01"]
[Source "Chessbase"]
[SourceDate "2023.11.12"]
[SourceVersion "1"]
[SourceVersionDate "2023.11.12"]
[SourceQuality "1"]

1. e4 c5 2. c3 Nf6 3. e5 Nd5 4. Nf3 Nc6 5. d4 cxd4 6. cxd4 d6 7. Bc4 Nb6 8. Bb5 dxe5 9. Nxe5 Bd7 10. Nxd7 Qxd7 11. Nc3 e6 12. 0-0 Be7 13. Qg4 0-0 14. Bxc6 bxc6 15. Bh6 Bf6 16. Rad1 Kh8 17. Ne4 Qe7 18. Bf4 Rfd8 19. Nxf6 Qxf6 20. Qg3 Rd7 21. Be5 Qg6 22. Qf3 Rc8 23. Rc1 Nd5 24. Qa3 h6 25. Qa6 Ne7 26. Qc4 Rcd8 27. Rfe1 Qg5 28. h3 Rd5 29. Qb4 Nf5 30. Qb7 R5d7 31. Qxc6 Nxd4 32. Qe4 Rd5 33. Rc3 Nf5 34. Bc7 Rd4 35. Qb7 Rd1 36. Qe4 R8d4 37. Qe2 Nh4 38. Bg3 Rxe1+ 39. Qxe1 Qd5 40. Bxh4 Rd1 41. f3 Qd4+ 42. Kf1 Qd2 43. Rb3 e5 44. Qxd1 Qxd1+ 45. Be1 f5 46. Kf2 Qc2+ 47. Kg3 e4 48. Bc3 f4+ 49. Kxf4 Qxg2 50. fxe4 Kg8 51. Rb8+ Kf7 52. Rb7+ Ke6 53. Rxg7 Qf2+ 54. Kg4 Qe2+ 55. Kf4 Qf2+ 56. Kg4 Qg2+ 57. Kf4 Qxh3 58. Rg6+ Ke7 59. Rg7+ Kd6 60. a3 Qf1+ 61. Kg4 Qe2+ 62. Kh4 Qxe4+ 63. Kh5 Qh1+ 64. Kg4 h5+ 65. Kg5 h4 66. Rg6+ Kd5 67. Rh6 h3 68. Kf6 h2 0-1

[Event "Chigorin Memorial 30th"]
[Site "St Petersburg"]
[Date "2023.10.23"]
[Round "3"]
[White "Aleksandrov, Danila"]
[Black "Iudina, Veronika"]
[Result "1-0"]
[WhiteElo "2160"]
[BlackElo "1720"]
[PlyCount "57"]
[EventDate "2023.10.21"]
[EventType "swiss"]
[EventRounds "9"]
[EventCountry "RUS"]
[SourceTitle "Mega2024 Update 01"]
[Source "Chessbase"]
[SourceDate "2023.11.12"]
[SourceVersion "1"]
[SourceVersionDate "2023.11.12"]
[SourceQuality "1"]

1. e4 e5 2. Nf3 Nc6 3. d4 exd4 4. Nxd4 Nf6 5. Nxc6 bxc6 6. Bd3 d5 7. e5 Ng4 8. 0-0 Be6 9. Qe2 g6 10. Nd2 Bg7 11. Nf3 0-0 12. h3 Nh6 13. Bg5 Qd7 14. Rfe1 c5 15. Rad1 Nf5 16. c3 Rab8 17. Qd2 c6 18. b3 f6 19. exf6 Bxf6 20. Ne5 Bxe5 21. Rxe5 Ng7 22. Rde1 Rf7 23. Bh6 Rf6 24. Qe3 d4 25. Qg5 Kf7 26. Bc4 Re8 27. Qg4 Nh5 28. Rxh5 Re7 29. Rxe6 1-0

[Event "RUS-chT Rapid (Women)"]
[Site "Sochi"]
[Date "2023.10.19"]
[Round "6.16"]
[White "Porozhniak, Maya"]
[Black "Iudina, Veronika"]
[Result "1/2-1/2"]
[WhiteElo "1856"]
[BlackElo "1720"]
[PlyCount "155"]
[EventDate "2023.10.18"]
[EventType "team-swiss (rapid)"]
[EventRounds "9"]
[EventCountry "RUS"]
[SourceTitle "Mega2024 Update 01"]
[Source "Chessbase"]
[SourceDate "2023.11.12"]
[SourceVersion "1"]
[SourceVersionDate "2023.11.12"]
[SourceQuality "1"]
[WhiteTeam "Krasnodar Kassiopeya (W)"]
[BlackTeam "St Petersburg SShOR (W) II"]
[WhiteTeamCountry "RUS"]
[BlackTeamCountry "RUS"]

1. e4 e5 2. Nf3 Nc6 3. d4 exd4 4. c3 Nf6 5. e5 Nd5 6. Qb3 Nb6 7. cxd4 d5 8. Bb5 a6 9. Bxc6+ bxc6 10. 0-0 Be7 11. Qc2 Bd7 12. Nbd2 0-0 13. Nb3 Nc4 14. Nfd2 Be6 15. Qc3 Rb8 16. a3 f6 17. exf6 Rxf6 18. Nf3 Rg6 19. Bf4 Qd7 20. Bg3 Bd6 21. Ne5 Bxe5 22. dxe5 Qe7 23. Nd4 Rxb2 24. Nxc6 Qd7 25. Na5 d4 26. Qc1 Qb5 27. Nxc4 Bxc4 28. Rd1 c5 29. Qf4 Re6 30. Qg5 h6 31. Qd8+ Re8 32. Qd6 Re6 33. Qc7 Rc6 34. Qd8+ Kh7 35. h4 Be2 36. Rdc1 Qb3 37. Qd7 Bb5 38. Qf5+ Kh8 39. Qf8+ Qg8 40. Qf4 d3 41. Rc3 c4 42. Qd4 Rc8 43. Rxc4 Qxc4 44. Qxb2 Qd5 45. Bf4 Rc2 46. Qb4 Bc6 47. Qf8+ Kh7 48. Qf5+ g6 49. Qg4 Qd4 50. Rf1 d2 51. h5 Be4 52. hxg6+ Bxg6 53. Qh4 h5 54. Qe7+ Kg8 55. Qg5 Qd3 56. Kh2 d1Q 57. Rxd1 Qxd1 58. Qxg6+ Kf8 59. Bg5 Rxf2 60. Bf6 Qd7 61. Qh6+ Ke8 62. Qxh5+ Qf7 63. Qh8+ Kd7 64. Qd8+ Kc6 65. Qd6+ Kb7 66. Qb4+ Ka8 67. Qc5 Qh5+ 68. Kg3 Rd2 69. Qc6+ Ka7 70. Qc5+ Ka8 71. Qf8+ Ka7 72. Qe7+ Ka8 73. Qf8+ Ka7 74. Qc5+ Ka8 75. Qc8+ Ka7 76. Qc7+ Ka8 77. Qc6+ Ka7 78. Qc7+ 1/2-1/2

[Event "RUS-chT Blitz (Women)"]
[Site "Sochi"]
[Date "2023.10.17"]
[Round "2.20"]
[White "Budaeva, Victoria"]
[Black "Iudina, Veronika"]
[Result "0-1"]
[WhiteElo "1424"]
[BlackElo "1720"]
[PlyCount "56"]
[EventDate "2023.10.17"]
[EventType "team-tourn (blitz)"]
[EventRounds "13"]
[EventCountry "RUS"]
[SourceTitle "Mega2024 Update 01"]
[Source "Chessbase"]
[SourceDate "2023.11.12"]
[SourceVersion "1"]
[SourceVersionDate "2023.11.12"]
[SourceQuality "1"]
[WhiteTeam "Buryatiya (W)"]
[BlackTeam "St Petersburg SShOR (W) II"]
[WhiteTeamCountry "RUS"]
[BlackTeamCountry "RUS"]

1. e4 e5 2. Nf3 Nc6 3. Bc4 Nf6 4. d3 Be7 5. c3 0-0 6. Bb3 d6 7. Nbd2 d5 8. exd5 Nxd5 9. 0-0 Nf4 10. d4 exd4 11. Ne4 Ne6 12. Bxe6 Bxe6 13. Nxd4 Nxd4 14. cxd4 c6 15. Bf4 Qb6 16. Qd2 Rad8 17. Rfd1 h6 18. Qc3 Bd5 19. Ng3 g5 20. Be3 f5 21. f4 Bd6 22. fxg5 f4 23. gxh6 fxg3 24. hxg3 Qc7 25. Qd3 Qh7 26. Qe2 Qg6 27. Rf1 Qxg3 28. Qd2 Qh2# 0-1

[Event "RUS-ch Rapid (Women)"]
[Site "Sochi"]
[Date "2023.10.16"]
[Round "8"]
[White "Iudina, Veronika"]
[Black "Borisova, Ekaterina"]
[Result "1/2-1/2"]
[WhiteElo "1720"]
[BlackElo "2168"]
[PlyCount "77"]
[EventDate "2023.10.15"]
[EventType "swiss (rapid)"]
[EventRounds "11"]
[EventCountry "RUS"]
[SourceTitle "Mega2024 Update 01"]
[Source "Chessbase"]
[SourceDate "2023.11.12"]
[SourceVersion "1"]
[SourceVersionDate "2023.11.12"]
[SourceQuality "1"]

1. e4 e5 2. Nf3 Nc6 3. Bb5 a6 4. Ba4 f5 5. d3 fxe4 6. dxe4 Nf6 7. Nc3 Bb4 8. Bd2 d6 9. h3 0-0 10. a3 Bc5 11. Bb3+ Kh8 12. Be3 Bxe3 13. fxe3 Qe8 14. Qe2 Qg6 15. 0-0-0 Nxe4 16. Nxe4 Qxe4 17. Rhf1 Bd7 18. Ng5 Nd4 19. Rxf8+ Rxf8 20. Nxe4 Nxe2+ 21. Kd2 Bc6 22. Ng5 Rf2 23. Nf7+ Kg8 24. Nxe5+ Kf8 25. Nxc6 Ng3+ 26. Kd3 bxc6 27. Ba4 Rxg2 28. Bxc6 Rh2 29. Rg1 Nh5 30. Bd7 Nf6 31. Bc8 a5 32. Rg5 d5 33. b3 g6 34. Re5 c6 35. c4 Ra2 36. a4 Kf7 37. Be6+ Kg7 38. cxd5 cxd5 39. Bxd5 1/2-1/2

[Event "RUS-ch Rapid (Women)"]
[Site "Sochi"]
[Date "2023.10.16"]
[Round "7"]
[White "Ovod, Evgenija"]
[Black "Iudina, Veronika"]
[Result "1-0"]
[WhiteElo "2256"]
[BlackElo "1720"]
[PlyCount "49"]
[EventDate "2023.10.15"]
[EventType "swiss (rapid)"]
[EventRounds "11"]
[EventCountry "RUS"]
[SourceTitle "Mega2024 Update 01"]
[Source "Chessbase"]
[SourceDate "2023.11.12"]
[SourceVersion "1"]
[SourceVersionDate "2023.11.12"]
[SourceQuality "1"]

1. d4 Nf6 2. Bf4 b6 3. e3 Bb7 4. Nf3 g6 5. h3 Bg7 6. Be2 d6 7. c4 0-0 8. Nc3 Nfd7 9. 0-0 e5 10. Bh2 f5 11. Qd2 e4 12. Ne1 Nf6 13. Nc2 Nbd7 14. b4 Qe7 15. a4 Rfd8 16. a5 c5 17. Rfb1 bxa5 18. bxc5 Nxc5 19. dxc5 dxc5 20. Qe1 Rd7 21. Rxa5 a6 22. Na4 Rdd8 23. Nxc5 Bc6 24. Nd4 Qe8 25. Nce6 1-0

[Event "RUS-ch Blitz (Women)"]
[Site "Sochi"]
[Date "2023.10.14"]
[Round "10"]
[White "Styazhkina, Anna"]
[Black "Iudina, Veronika"]
[Result "0-1"]
[WhiteElo "2194"]
[BlackElo "1720"]
[PlyCount "46"]
[EventDate "2023.10.14"]
[EventType "swiss (blitz)"]
[EventRounds "13"]
[EventCountry "RUS"]
[SourceTitle "Mega2024 Update 01"]
[Source "Chessbase"]
[SourceDate "2023.11.12"]
[SourceVersion "1"]
[SourceVersionDate "2023.11.12"]
[SourceQuality "1"]

1. e4 e5 2. Nf3 Nc6 3. Bc4 Nf6 4. d3 Be7 5. 0-0 0-0 6. Re1 d6 7. Nc3 Bg4 8. h3 Bh5 9. Be3 a6 10. a4 Qd7 11. Kh2 Nd4 12. Bxd4 exd4 13. Nb1 b5 14. Bb3 c5 15. Nbd2 Qc7 16. c3 dxc3 17. bxc3 d5+ 18. Kg1 c4 19. dxc4 dxc4 20. Bc2 Rad8 21. Qe2 Bc5 22. Nf1 Rfe8 23. Ng3 Qxg3 0-1

[Event "St Petersburg-ch (Women) 91st"]
[Site "St Petersburg"]
[Date "2023.03.18"]
[Round "1"]
[White "Kuznetsova, Marina"]
[Black "Iudina, Veronika"]
[Result "0-1"]
[WhiteElo "2220"]
[BlackElo "1665"]
[PlyCount "74"]
[EventDate "2023.03.18"]
[EventType "swiss"]
[EventRounds "9"]
[EventCountry "RUS"]
[SourceTitle "CBM 213 Extra"]
[Source "ChessBase"]
[SourceDate "2023.05.31"]
[SourceVersion "1"]
[SourceVersionDate "2023.05.31"]
[SourceQuality "1"]

1. e4 e5 2. Nf3 Nc6 3. Bb5 a6 4. Ba4 Nf6 5. d3 Bc5 6. 0-0 b5 7. Bb3 0-0 8. Nc3 d6 9. a4 Rb8 10. axb5 axb5 11. Bg5 h6 12. Bh4 Bg4 13. Bxf6 Qxf6 14. Nd5 Qd8 15. c3 Kh8 16. h3 Bh5 17. g4 Bg6 18. Qe2 Qd7 19. Nh4 Ne7 20. Ne3 b4 21. Ba4 c6 22. Nhf5 Bxf5 23. gxf5 g6 24. Kh2 bxc3 25. bxc3 gxf5 26. exf5 Bxe3 27. fxe3 Nd5 28. Qd2 Rg8 29. d4 e4 30. c4 Nf6 31. Qf2 d5 32. Qh4 Qd6+ 33. Rf4 Kh7 34. c5 Rb2+ 35. Kh1 Qb8 36. Rc1 Rb1 37. Rxb1 Qxb1+ 0-1

[Event "EU-ch U12 Girls 30th"]
[Site "Antalya"]
[Date "2022.11.14"]
[Round "9"]
[White "Iudina, Veronika"]
[Black "Kalandadze, Mariam"]
[Result "1-0"]
[WhiteElo "1686"]
[BlackElo "1573"]
[PlyCount "107"]
[EventDate "2022.11.06"]
[EventType "swiss"]
[EventRounds "9"]
[EventCountry "TUR"]
[SourceTitle "EXT 2024"]
[Source "ChessBase"]
[SourceDate "2023.10.10"]
[SourceVersion "1"]
[SourceVersionDate "2023.10.10"]
[SourceQuality "1"]

1. e4 c5 2. c3 d5 3. exd5 Qxd5 4. d4 Nf6 5. Nf3 Bg4 6. dxc5 Qxc5 7. h3 Bd7 8. Be3 Qa5 9. Nbd2 e6 10. Nc4 Qc7 11. Bd4 Nc6 12. Bxf6 gxf6 13. Qb3 0-0-0 14. 0-0-0 e5 15. Ne3 Be6 16. Bc4 Rxd1+ 17. Kxd1 Bxc4 18. Qxc4 Bh6 19. Qg4+ Kb8 20. Ke2 Bxe3 21. fxe3 Qb6 22. Rd1 Qxb2+ 23. Rd2 Qxc3 24. Qg7 Qc4+ 25. Ke1 Rd8 26. Rxd8+ Nxd8 27. Qxf6 Nc6 28. Qd6+ Kc8 29. a3 Qc1+ 30. Kf2 Qc2+ 31. Kg1 Qb3 32. Qc5 Kd7 33. Kh2 b6 34. Qc1 f6 35. g4 e4 36. Qxc6+ Kxc6 37. Nd4+ Kc5 38. Nxb3+ Kc4 39. Nd4 Kd3 40. Nf5 b5 41. Kg3 a5 42. Kf4 b4 43. axb4 a4 44. Nd4 a3 45. b5 Kc3 46. b6 a2 47. b7 a1Q 48. b8Q Qf1+ 49. Kxe4 Qg2+ 50. Nf3 Qxh3 51. Qc7+ Kb4 52. Qf4 Kc5 53. Qf5+ Kb4 54. g5 1-0

[Event "EU-ch U12 Girls 30th"]
[Site "Antalya"]
[Date "2022.11.13"]
[Round "8"]
[White "Iudina, Veronika"]
[Black "Bashirli, Saadat"]
[Result "1-0"]
[WhiteElo "1686"]
[BlackElo "1541"]
[PlyCount "101"]
[EventDate "2022.11.06"]
[EventType "swiss"]
[EventRounds "9"]
[EventCountry "TUR"]
[SourceTitle "CBM 211 Extra"]
[Source "ChessBase"]
[SourceDate "2023.01.31"]
[SourceVersion "1"]
[SourceVersionDate "2023.01.31"]
[SourceQuality "1"]

1. e4 c5 2. c3 Nf6 3. e5 Nd5 4. Nf3 Nc6 5. d4 cxd4 6. cxd4 d6 7. Bc4 e6 8. 0-0 Be7 9. Bd2 0-0 10. Nc3 Nxc3 11. Bxc3 dxe5 12. dxe5 Qc7 13. Qe2 Rd8 14. Rac1 Bd7 15. Bd3 Qb6 16. a3 a5 17. Qe4 g6 18. Nd2 a4 19. Nc4 Qc7 20. Qe3 b5 21. Nd6 Bxd6 22. exd6 Qxd6 23. Bf6 Rdb8 24. Be4 e5 25. Qg5 h6 26. Rcd1 Qe6 27. Qh4 Nd4 28. Bxa8 Rxa8 29. Bxe5 Ne2+ 30. Kh1 Qxe5 31. Rxd7 Re8 32. Rd8 Rxd8 33. Qxd8+ Kg7 34. Qd2 Nf4 35. Re1 Qf5 36. Qd4+ Kh7 37. Qe5 Qg4 38. Qe4 Qg5 39. g3 Ne6 40. Kg2 Qc5 41. h4 h5 42. Rd1 Qc7 43. Rd5 Kh6 44. Rxb5 Qd7 45. Rb7 Qe8 46. Ra7 Kg7 47. Rxa4 Qd7 48. Ra5 Nd8 49. Rd5 Qc6 50. Qe5+ Kh7 51. Qd6 1-0

[Event "EU-ch U12 Girls 30th"]
[Site "Antalya"]
[Date "2022.11.10"]
[Round "5"]
[White "Goriachkina, Oksana"]
[Black "Iudina, Veronika"]
[Result "1/2-1/2"]
[WhiteElo "1694"]
[BlackElo "1686"]
[PlyCount "94"]
[EventDate "2022.11.06"]
[EventType "swiss"]
[EventRounds "9"]
[EventCountry "TUR"]
[SourceTitle "CBM 211 Extra"]
[Source "ChessBase"]
[SourceDate "2023.01.31"]
[SourceVersion "1"]
[SourceVersionDate "2023.01.31"]
[SourceQuality "1"]

1. d4 Nf6 2. c4 e6 3. Nf3 d5 4. Nc3 c6 5. e3 Nbd7 6. Qc2 Be7 7. b3 b6 8. Bd3 Bb7 9. 0-0 0-0 10. Bb2 c5 11. cxd5 exd5 12. Ne5 Bd6 13. Nb5 Be7 14. Rac1 a6 15. Nc3 h6 16. Nxd7 Qxd7 17. Rfd1 cxd4 18. exd4 b5 19. Bf5 Qd6 20. Ne2 Ne8 21. Qd3 g6 22. Bh3 f5 23. g3 Nf6 24. Re1 Ne4 25. f3 Ng5 26. Bg2 Ne6 27. Qe3 Bg5 28. f4 Bf6 29. Ba3 b4 30. Bxb4 Qxb4 31. Qxe6+ Kh8 32. Qe3 Rfe8 33. Qd3 a5 34. Kh1 Ba6 35. Qd1 Rac8 36. Rxc8 Rxc8 37. Ng1 Rc6 38. Nf3 Kg7 39. Ne5 Rc2 40. Rg1 Qc3 41. Qa1 Rb2 42. Qe1 Qxd4 43. Qxa5 Bxe5 44. fxe5 Rxg2 45. Qc7+ Kg8 46. Qd8+ Kh7 47. Qe7+ Kh8 1/2-1/2

[Event "Chigorin Memorial 28th"]
[Site "St Petersburg"]
[Date "2021.10.28"]
[Round "6"]
[White "Iudina, Veronika"]
[Black "Moiseeva, Olesya"]
[Result "1/2-1/2"]
[WhiteElo "1502"]
[BlackElo "1840"]
[PlyCount "120"]
[EventDate "2021.10.23"]
[EventType "swiss"]
[EventRounds "9"]
[EventCountry "RUS"]
[SourceTitle "EXT 2023"]
[Source "ChessBase"]
[SourceDate "2022.10.05"]
[SourceVersion "1"]
[SourceVersionDate "2022.10.05"]
[SourceQuality "1"]

1. e4 g6 2. d4 Bg7 3. Nf3 d6 4. Bc4 Nf6 5. Qe2 c6 6. e5 dxe5 7. dxe5 Nd5 8. h3 0-0 9. 0-0 b5 10. Bb3 Nb6 11. Rd1 Qc7 12. Bf4 N8d7 13. Bg3 e6 14. a4 bxa4 15. Bxa4 Nc5 16. Nc3 Ba6 17. Qe3 Ncxa4 18. Nxa4 Nd5 19. Qe4 Qe7 20. Bh4 Qc7 21. Nc5 Bc8 22. Qd4 a5 23. c4 Nb4 24. Bd8 Qb8 25. Rxa5 Rxa5 26. Bxa5 Na6 27. Nxa6 Bxa6 28. b4 f6 29. exf6 Bxf6 30. Qe4 Bc8 31. Qxc6 Qf4 32. Bc7 Qf5 33. Re1 Bc3 34. Bd6 Rd8 35. Rf1 e5 36. Be7 Rd3 37. Nh4 Qd7 38. Qf6 Qe8 39. b5 e4 40. Qg5 Be6 41. Qc5 Bd4 42. Qc7 Qf7 43. b6 Bxb6 44. Qxb6 Qxe7 45. Qb8+ Qd8 46. Qxd8+ Rxd8 47. Re1 Rd4 48. Nf3 exf3 49. Rxe6 Rxc4 50. gxf3 Kf7 51. Ra6 h5 52. Kg2 h4 53. Ra7+ Kf6 54. Ra8 Kf7 55. Ra1 Kf6 56. Rg1 g5 57. Kh2 Rf4 58. Kg2 Rc4 59. Re1 Kf5 60. Re8 Ra4 1/2-1/2

[Event "EU-ch Hybrid U12 Girls"]
[Site "Tornelo INT"]
[Date "2021.10.15"]
[Round "8"]
[White "Iudina, Veronika"]
[Black "Kozlova, Olga1111"]
[Result "1-0"]
[WhiteElo "1502"]
[BlackElo "1517"]
[PlyCount "65"]
[EventDate "2021.10.15"]
[EventType "swiss"]
[EventRounds "9"]
[EventCountry "NET"]
[SourceTitle "EXT 2023"]
[Source "ChessBase"]
[SourceDate "2022.10.05"]
[SourceVersion "1"]
[SourceVersionDate "2022.10.05"]
[SourceQuality "1"]
[WhiteTeam "Russia"]
[BlackTeam "Russia"]
[WhiteTeamCountry "RUS"]
[BlackTeamCountry "RUS"]

1. e4 e6 2. d4 d5 3. e5 c5 4. c3 Qb6 5. Nf3 Nc6 6. a3 Nh6 7. b4 cxd4 8. cxd4 Nf5 9. Be3 Bd7 10. Bd3 g6 11. Bxf5 gxf5 12. Nc3 Rc8 13. Rc1 Ne7 14. 0-0 Bg7 15. Qd2 0-0 16. Bg5 Rfe8 17. h4 Kh8 18. Bf6 f4 19. Qxf4 Nf5 20. g4 Rg8 21. Kh1 Bxf6 22. gxf5 Be7 23. f6 Bf8 24. Rg1 Rg6 25. h5 Bh6 26. Ng5 Bxg5 27. Rxg5 Rxg5 28. Qxg5 Rg8 29. Qf4 Qd8 30. Nd1 a5 31. Ne3 axb4 32. axb4 Qb6 33. Ng4 1-0

[Event "EU-ch Hybrid U12 Girls"]
[Site "Tornelo INT"]
[Date "2021.10.15"]
[Round "2"]
[White "Iudina, Veronika"]
[Black "Sordia, Marta"]
[Result "1/2-1/2"]
[WhiteElo "1502"]
[BlackElo "1278"]
[PlyCount "65"]
[EventDate "2021.10.15"]
[EventType "swiss"]
[EventRounds "9"]
[EventCountry "NET"]
[SourceTitle "EXT 2023"]
[Source "ChessBase"]
[SourceDate "2022.10.05"]
[SourceVersion "1"]
[SourceVersionDate "2022.10.05"]
[SourceQuality "1"]
[WhiteTeam "Russia"]
[BlackTeam "Georgia"]
[WhiteTeamCountry "RUS"]
[BlackTeamCountry "GEO"]

1. e4 e5 2. Nf3 Nc6 3. Bb5 f5 4. Qe2 Qe7 5. d3 fxe4 6. dxe4 Nf6 7. 0-0 d6 8. Nc3 Bg4 9. Bg5 Qd7 10. Nd5 Be7 11. Nxe7 Qxe7 12. Qc4 Bd7 13. Nh4 Nd4 14. Bxd7+ Qxd7 15. c3 Qc6 16. Qxc6+ Nxc6 17. Rfe1 0-0 18. g3 Rae8 19. Rad1 h6 20. Bxf6 Rxf6 21. Nf5 Ne7 22. Nxe7+ Rxe7 23. Re3 Kf7 24. c4 Ke8 25. Rb3 b6 26. Ra3 a5 27. Kg2 Rd7 28. f3 Rf8 29. Re3 Rf6 30. b3 Kf8 31. Rc3 Ke8 32. a3 Rd8 33. b4 1/2-1/2

[Event "EU-ch Hybrid U12 Girls"]
[Site "Tornelo INT"]
[Date "2021.10.15"]
[Round "9"]
[White "Lyutsinger, Iren"]
[Black "Iudina, Veronika"]
[Result "0-1"]
[WhiteElo "1622"]
[BlackElo "1502"]
[PlyCount "126"]
[EventDate "2021.10.15"]
[EventType "swiss"]
[EventRounds "9"]
[EventCountry "NET"]
[SourceTitle "EXT 2023"]
[Source "ChessBase"]
[SourceDate "2022.10.05"]
[SourceVersion "1"]
[SourceVersionDate "2022.10.05"]
[SourceQuality "1"]
[WhiteTeam "Russia"]
[BlackTeam "Russia"]
[WhiteTeamCountry "RUS"]
[BlackTeamCountry "RUS"]

1. e4 e5 2. Nc3 Nf6 3. f4 d5 4. fxe5 Nxe4 5. Qf3 Nxc3 6. dxc3 Be7 7. Bf4 Be6 8. 0-0-0 Nd7 9. Qg3 g5 10. Bd2 c5 11. Kb1 Qc7 12. Re1 0-0-0 13. Nf3 h6 14. Bd3 Bf8 15. h4 g4 16. Nh2 h5 17. Bf4 c4 18. Be2 Nc5 19. Qe3 Kb8 20. Bg5 Be7 21. Bxe7 Qxe7 22. Nf1 Bf5 23. Ng3 Bg6 24. Rhf1 Qxh4 25. Bd1 Qe7 26. Nf5 Qc7 27. Nd6 Ne4 28. Nb5 Qa5 29. Nd4 Qb6 30. Ka1 Rhe8 31. Qf4 Qc7 32. Nb5 Qxe5 33. Qe3 b6 34. Nd4 Kb7 35. a4 Qc7 36. a5 Ng3 37. Qg5 Rxe1 38. Rxe1 Ne4 39. a6+ Kxa6 40. Qh6 Qg3 41. Re3 Qd6 42. Be2 f5 43. g3 Rd7 44. Qh8 Rd8 45. Qh6 Qf6 46. Qf4 Rd6 47. b3 b5 48. Qf1 Nxc3 49. Rxc3 Qxd4 50. Kb2 b4 51. Qa1+ Kb6 52. Kb1 Qg1+ 53. Ka2 Qxa1+ 54. Kxa1 bxc3 55. b4 f4 56. gxf4 Bxc2 57. b5 d4 58. Bd1 Bxd1 59. f5 c2 60. Kb2 c3+ 61. Kb3 c1Q+ 62. Kb4 Qb2+ 63. Kc4 Qxb5# 0-1

[Event "EU-ch Hybrid U12 Girls"]
[Site "Tornelo INT"]
[Date "2021.10.15"]
[Round "4"]
[White "Rybackova, Lucie"]
[Black "Iudina, Veronika"]
[Result "0-1"]
[WhiteElo "1685"]
[BlackElo "1502"]
[PlyCount "148"]
[EventDate "2021.10.15"]
[EventType "swiss"]
[EventRounds "9"]
[EventCountry "NET"]
[SourceTitle "EXT 2023"]
[Source "ChessBase"]
[SourceDate "2022.10.05"]
[SourceVersion "1"]
[SourceVersionDate "2022.10.05"]
[SourceQuality "1"]
[WhiteTeam "Czech Republic"]
[BlackTeam "Russia"]
[WhiteTeamCountry "CZE"]
[BlackTeamCountry "RUS"]

1. e4 e5 2. Nf3 Nc6 3. Bb5 Nge7 4. c3 d5 5. exd5 Qxd5 6. Qe2 Bg4 7. Bc4 Bxf3 8. gxf3 Qd7 9. d3 Ng6 10. Be3 0-0-0 11. Nd2 Na5 12. 0-0-0 Nxc4 13. Nxc4 Qa4 14. b3 Qc6 15. Kb2 Bc5 16. Bxc5 Qxc5 17. b4 Qd5 18. Qe4 f6 19. Rd2 Nf4 20. Rhd1 Rd7 21. Ne3 Qe6 22. d4 Ng6 23. dxe5 Rxd2+ 24. Rxd2 fxe5 25. Nc4 Rf8 26. Na5 c6 27. Nc4 Rd8 28. Rxd8+ Kxd8 29. Qd3+ Kc7 30. Qe4 Qd5 31. Ne3 Qd2+ 32. Qc2 Qxc2+ 33. Kxc2 Nh4 34. Kd3 Nxf3 35. h3 e4+ 36. Kxe4 Ng5+ 37. Ke5 Nxh3 38. f4 h5 39. Nf5 g5 40. fxg5 Nxg5 41. Nh4 Nh3 42. Ke4 Nf2+ 43. Ke3 Nd1+ 44. Kd2 Nb2 45. Kc2 Nc4 46. Kd3 b5 47. Kd4 Kb6 48. a4 a5 49. axb5 cxb5 50. bxa5+ Kxa5 51. Nf5 Ka4 52. Nh4 Kb3 53. Nf5 Na3 54. Nd6 h4 55. Ne4 Nb1 56. Nc5+ Kc2 57. c4 h3 58. Ne4 h2 59. Ng3 b4 60. c5 Na3 61. c6 b3 62. Kc5 Nb5 63. Kxb5 b2 64. c7 b1Q+ 65. Kc6 Kd3 66. c8Q Qc1+ 67. Kd7 Qxc8+ 68. Kxc8 Kd4 69. Kd7 Ke5 70. Kc6 Kf4 71. Nh1 Kf3 72. Kd5 Kg2 73. Ke4 Kxh1 74. Kf3 Kg1 0-1

[Event "EU-ch Online U12 Girls"]
[Site "Tornelo INT"]
[Date "2020.09.20"]
[Round "8"]
[White "Tsetskhladze, Mariam"]
[Black "Iudina, Veronika"]
[Result "0-1"]
[WhiteElo "1095"]
[BlackElo "1507"]
[PlyCount "160"]
[EventDate "2020.09.18"]
[EventType "swiss (rapid)"]
[EventRounds "9"]
[EventCountry "NET"]
[SourceTitle "EXT 2023"]
[Source "ChessBase"]
[SourceDate "2022.10.05"]
[SourceVersion "1"]
[SourceVersionDate "2022.10.05"]
[SourceQuality "1"]
[WhiteTeam "Georgia"]
[BlackTeam "Russia"]
[WhiteTeamCountry "GEO"]
[BlackTeamCountry "RUS"]

1. e4 e5 2. Nf3 Nc6 3. Bb5 Nge7 4. 0-0 g6 5. Re1 a6 6. Bf1 Bg7 7. c3 0-0 8. d4 exd4 9. cxd4 d5 10. e5 Bg4 11. Na3 Nf5 12. Nc2 Bxf3 13. gxf3 Qh4 14. f4 Bh6 15. Qd2 Qg4+ 16. Kh1 Nh4 17. Qe3 Nf5 18. Qd2 Kh8 19. Be2 Qh4 20. Bf3 Rad8 21. Rg1 Rg8 22. a4 a5 23. Ra3 Bf8 24. Rb3 Bb4 25. Nxb4 axb4 26. Rd3 b6 27. Bg4 Nfxd4 28. Rxd4 Nxd4 29. Qxd4 c5 30. Qd2 f6 31. e6 f5 32. Bf3 d4 33. b3 Rge8 34. Qe1 Qf6 35. Bb2 Rxe6 36. Qd2 Qe7 37. Rd1 Re8 38. Kg2 Qd7 39. Qd3 Qd6 40. Bc1 R6e7 41. Bd2 h6 42. h4 Qf6 43. Rh1 h5 44. Kg3 Rg7 45. Rc1 Qd6 46. Kg2 Rge7 47. Rh1 Rc8 48. Rc1 Qf6 49. Kg3 Rec7 50. Qc4 Kh7 51. Qd3 Qe6 52. Qc4 Qd7 53. Qd3 Rb8 54. Be2 Qd6 55. Bf3 Rbc8 56. Rc4 Qd7 57. Rc1 Rb8 58. Be2 Qd6 59. Bf3 Rg7 60. Be2 Rf8 61. Kg2 Qe7 62. Kg3 Re8 63. Bf3 Qd6 64. Rh1 Rb8 65. Rc1 Qd7 66. Be2 Qd6 67. Bf3 Rc7 68. Be2 Qd7 69. Rc2 Rcb7 70. Bf3 Ra7 71. Be2 Re8 72. Bf3 Qd6 73. Rc1 Rae7 74. Rh1 Kg7 75. Rc1 Re6 76. Rh1 Kh6 77. Rc1 Rg8 78. Rh1 g5 79. Qxf5 Reg6 80. hxg5+ Rxg5+ 0-1